000
00280nam a2200121 a 4500
008
101025s1976|||| d
245
1
0
_a
S piatimi diamantmi
100
1
_a
Lidmanová, Sara
044
_a
xo
_c
SK
041
_a
slo
260
_b
Pravda
_a
Bratislava
_c
1976
020
_c
26
999
_c
12140
_d
12140